| 000 | 00949cam a2200253 i 4500 | ||
|---|---|---|---|
| 003 | SA-RiAUC | ||
| 005 | 20250530130325.0 | ||
| 008 | 250529s1984 su g 00000 ara c | ||
| 040 |
_aSA-RiAUC _bara _cSA-RiAUC _erda |
||
| 082 | 0 | 4 | _a910.08 |
| 090 |
_a910.08 _bم ح م |
||
| 100 | 1 |
_aمحمدين، محمد محمود _eمؤلف. |
|
| 245 | 1 | 2 |
_aالتراث الجغرافي الإسلامي / _cتصنيف محمد محمود محمدين. |
| 250 | _aالطبعة الثانية، منقحة ومزيدة. | ||
| 264 | 1 |
_aالرياض : _bدار العلوم، _c1984 |
|
| 300 |
_a504 صفحة ؛ _c24 سم |
||
| 336 |
_aنص _btxt _2rdacontent _3كتاب |
||
| 337 |
_aبدون وسيط _bn _2rdamedia |
||
| 338 |
_aمجلد _bnc _2rdacarrier |
||
| 650 | 7 |
_aالجغرافيا عند العرب _2aucsh |
|
| 651 | 7 |
_aالبلاد الإسلامية _xجغرافيا _2aucsh |
|
| 942 |
_2ddc _cBOOK _n0 |
||
| 949 |
_aSA-JeALM _d250529 _uosman123 _n1 |
||
| 999 |
_c8502 _d8502 |
||